Have you truly been born again of water and the Spirit? (Record no. 321)

000 -LEADER
fixed length control field 00519nam a22001817a 4500
003 - CONTROL NUMBER IDENTIFIER
control field OSt
005 - DATE AND TIME OF LATEST TRANSACTION
control field 20210611094039.0
008 - FIXED-LENGTH DATA ELEMENTS--GENERAL INFORMATION
fixed length control field 210611b ||||| |||| 00| 0 eng d
020 ## - INTERNATIONAL STANDARD BOOK NUMBER
International Standard Book Number 8983140356
040 ## - CATALOGING SOURCE
Transcribing agency ALUPE UNIVERSITY
050 ## - LIBRARY OF CONGRESS CALL NUMBER
Classification number BX9998
Item number .N48 J66 1999
100 ## - MAIN ENTRY--PERSONAL NAME
Personal name Jong, Paul C.
245 ## - TITLE STATEMENT
Title Have you truly been born again of water and the Spirit?
260 ## - PUBLICATION, DISTRIBUTION, ETC.
Place of publication, distribution, etc. Seoul, Korea
Name of publisher, distributor, etc. Hephzi-bah Publishing House
Date of publication, distribution, etc. 1999
300 ## - PHYSICAL DESCRIPTION
Extent 373 pages : illustrations ; 23 cm
650 ## - SUBJECT ADDED ENTRY--TOPICAL TERM
Topical term or geographic name entry element Doctrines
942 ## - ADDED ENTRY ELEMENTS (KOHA)
Source of classification or shelving scheme
Koha item type Book
Suppress in OPAC MW
Holdings
Withdrawn status Lost status Source of classification or shelving scheme Damaged status Not for loan Permanent Location Current Location Shelving location Date acquired Total Checkouts Full call number Barcode Date last seen Price effective from Koha item type Public note
          AU LIBRARY AU LIBRARY Open Shelf 11.06.2021   BX9998 .N48 J66 1999 28001081 11.06.2021 11.06.2021 Book MW

Powered by Koha